000 00670nam a2200241Ia 4500
003 OSt
005 20220928115209.0
006 a|||||r|||| 00| 0
007 ta
008 220927b |||||||| |||| 00| 0 eng d
024 _a32391
037 _cTextual
040 _aSDCL
_cSDCL
_beng
041 _2eng
_aeng
082 _aQ23:2, M4
100 _aUmapati Shivacharya
_9443340
245 0 _aSataratna-samgraha.
260 _aDelhi
_bBhartiya Vidya Prakashan
_c1984
300 _ax,94p.
_ccm.
700 _a Shastri Panchanand Ed.
_9443341
942 _hQ23:2, M4
_cTEXL
_2CC
999 _c758487
_d758487